Biblioteca y Centro de Documentación

Memoria anual 2016, situación socioeconómica de la Comunidad Autónoma de Extremadura (Registro nro. 50162)

Detalles MARC
000 -CABECERA
Longitud fija campo de control 01550nam a2200373 c 4500
001 - NÚMERO DE CONTROL
Número de control 50162
003 - IDENTIFICADOR DE NÚMERO DE CONTROL
Identificador del número de control ES-MaCES
005 - FECHA Y HORA DE LA ÚLTIMA TRANSACCIÓN
Fecha y hora de la última transacción 20171031095709.0
008 - CAMPO FIJO DE DESCRIPCIÓN FIJA--INFORMACIÓN GENERAL
Códigos de información de longitud fija   171030s2017 sp o000 | spa d
017 ## - NÚMERO DE REGISTRO DE DERECHOS DE AUTOR Y DEPÓSITO LEGAL
Número de copyright o de depósito legal BA 295-2017
Agencia que asigna el número DL
040 ## - FUENTE DE CATALOGACIÓN
Centro catalogador de origen ES-MaCES
Lengua de catalogación spa
Centro transcriptor ES-MaCES
110 2# - ENCABEZAMIENTO PRINCIPAL--NOMBRE CORPORATIVO
9 (RLIN) 2436
Nombre de entidad corporativa o nombre de jurisdicción como elemento inicial Consejo Económico y Social de Extremadura
245 10 - MENCIÓN DE TÍTULO
Título Memoria anual 2016, situación socioeconómica de la Comunidad Autónoma de Extremadura
Resto del título : resumen ejecutivo : aprobada en la sesión ordinaria del Pleno del Consejo Económico y Social de Extremadura, celebrada el 28 de junio de 2017
Mención de responsabilidad, etc. Consejo Económico y Social de Extremadura
250 ## - MENCIÓN DE EDICIÓN
Mención de edición 1ª ed
260 ## - PUBLICACIÓN, DISTRIBUCIÓN, ETC (PIE DE IMPRENTA)
Lugar de publicación, distribución, etc. [Mérida]
Nombre del editor, distribuidor, etc. CES
Fecha de publicación, distribución, etc. 2017
300 ## - DESCRIPCIÓN FÍSICA
Extensión 89 p.
Dimensiones 24 cm
Material anejo 1 CD-ROM (incluye versión completa de la Memoria anual 2016 y Memoria de actividades 2016)
500 ## - NOTA GENERAL
Nota general Publ. simultáneamente en CD-ROM<br/>
541 ## - NOTA DE LA FUENTE INMEDIANTE DE ADQUISICIÓN
Forma de adquisición Gratuito
610 24 - ASIENTO SECUNDARIO DE MATERIA--NOMBRE CORPORATIVO
Nombre de entidad corporativa o nombre de jurisdicción como elemento inicial Consejo Económico y Social de Extremadura
9 (RLIN) 2436
650 #4 - ASIENTO SECUNDARIO DE MATERIA--TÉRMINO DE MATERIA
Término de materia o nombre geográfico como elemento inicial condiciones económicas
9 (RLIN) 27081
650 #4 - ASIENTO SECUNDARIO DE MATERIA--TÉRMINO DE MATERIA
Término de materia o nombre geográfico como elemento inicial indicador económico
9 (RLIN) 27073
650 #4 - ASIENTO SECUNDARIO DE MATERIA--TÉRMINO DE MATERIA
Término de materia o nombre geográfico como elemento inicial condiciones sociales
9 (RLIN) 30469
650 #4 - ASIENTO SECUNDARIO DE MATERIA--TÉRMINO DE MATERIA
Término de materia o nombre geográfico como elemento inicial indicador social
9 (RLIN) 27259
650 #4 - ASIENTO SECUNDARIO DE MATERIA--TÉRMINO DE MATERIA
Término de materia o nombre geográfico como elemento inicial Extremadura
9 (RLIN) 30798
650 #4 - ASIENTO SECUNDARIO DE MATERIA--TÉRMINO DE MATERIA
Término de materia o nombre geográfico como elemento inicial 2015
9 (RLIN) 31152
650 #4 - ASIENTO SECUNDARIO DE MATERIA--TÉRMINO DE MATERIA
Término de materia o nombre geográfico como elemento inicial informe de actividades
9 (RLIN) 28984
650 #4 - ASIENTO SECUNDARIO DE MATERIA--TÉRMINO DE MATERIA
Término de materia o nombre geográfico como elemento inicial memoria anual
9 (RLIN) 28977
650 #4 - ASIENTO SECUNDARIO DE MATERIA--TÉRMINO DE MATERIA
Término de materia o nombre geográfico como elemento inicial CD ROM
9 (RLIN) 30331
653 10 - TÉRMINO DE INDEXACIÓN--NO CONTROLADO
Término no controlado Condiciones económicas
740 02 - ENCABEZAMIENTO SECUNDARIO--TÍTULO ANALÍTICO/RELACIONADO NO CONTROLADO
Título relacionado o analítico no controlado Memoria de actividades 2016
787 0# - ENTRADA DE OTRAS ESPECIFICACIONES
Título Memoria anual 2015, situación socioeconómica de la Comunidad Autónoma de Extremadura
Número de control del registro relacionado (ES-MaCES)48457
902 ## - CES. TIPO DE DOCUMENTO
Tipodoc (006$c Sirtex) LIB Libro
942 ## - ELEMENTOS KOHA
Fuente de clasificaión o esquema Clasificación propia del CES
Koha [por defecto] tipo de item Monografías
Parte de clasificación Economía
Existencias
Número de registro Signatura completa Tipo de item de Koha
089613 CES EXTREM.-31 Monografías
089614 SR-CD-1145 Monografías
© CES, Consejo Económico y Social de España 2021